000
00340nam a2200133Ia 4500
008
240624s9999 xx 000 0 und d
041
_a
eng
082
_a
658.8 SHA
100
_a
SHANKER RAVI
245
_a
SERVICES MARKETING THE INDIAN PERSPECTIV
260
_c
2004
_a
New Delhi
_b
Excel Books
300
_a
xvi, : 656 : cm. ; 24
365
_c
RS
999
_c
2341
_d
2341